| 000 | 00666nam a22001937a 4500 | ||
|---|---|---|---|
| 999 |
_c159369 _d159369 |
||
| 005 | 20181215124023.0 | ||
| 010 | _aENG-124539 | ||
| 020 |
_c395.00 _a9789352808052 |
||
| 035 | _a EN-108071 | ||
| 037 | _bDBAD/PUB. | ||
| 082 | _a650.1 | ||
| 100 | _aAnand R. | ||
| 245 |
_aHappiness at work: _cby R. Anand _bmindfulness, analysis and well-being / |
||
| 260 |
_aNew Delhi _bSage Publications India Pvt. Ltd. _c2018 |
||
| 270 |
_aB1/I-1, Mohan Cooperative Industrial Area Mathura Road Post Bag 7 _bNew Delhi _e110044 |
||
| 300 |
_axxii,200p. _c21cm.(pbk) |
||
| 500 | _aIt includes bibliography and about the author | ||
| 942 |
_2ddc _cEN _mANA _h650.1 |
||